000 004300000a22001810004500
003 MACL
005 20160112131758.0
008 160112b xxu||||| |||| 00| 0 eng d
040 _aMACL
_cMACL
041 _aEnglish
082 _a954/SIN
100 _aSingh, S Nihal
_92316
245 _aMy India
260 _bVikas Publishing House
_c1982
_aNew Delhi
350 _a60
650 _aHistory
_931249
942 _cBK
_k954/SIN
_2ddc
999 _c34355
_d34355